UK Towns Quiz - Surrey - Extreme - Statistics

General Stats
  • This quiz has been taken 245 times
  • The average score is 28 of 105
Answer Stats
Clue Population Name of Town % Correct
G 77,854 Guildford
95%
W 75,666 Woking
89%
E 35,852 Epsom
77%
T 27,088 Tadworth
77%
D 17,468 Dorking
75%
N 1,474 Netherne-on-the-Hill
74%
R 23,788 Reigate
74%
R 32,508 Redhill
69%
G 10,453 Godalming
65%
A 24,279 Ash
61%
B 1,883 Badshot Lea
61%
E 9,481 Esher
60%
F 20,491 Farnham
59%
W 15,927 Weybridge
59%
W 27,013 Walton-on-Thames
58%
E 27,526 Ewell
57%
L 11,495 Leatherhead
57%
S 21,335 Staines-upon-Thames
51%
C 36,783 Camberley
45%
C 17,506 Cobham
45%
C 14,553 Chertsey
44%
H 27,076 Horley
43%
V 5,183 Virginia Water
43%
B 8,921 Banstead
41%
C 22,747 Caterham
41%
E 27,997 Egham
39%
C 10,421 Cranleigh
36%
O 11,489 Oxted
35%
H 11,898 Haslemere
34%
N 33,034 New Haw
34%
S 1,523 South Godstone
33%
G 2,650 Godstone
31%
A 14,837 Ashtead
30%
A 13,747 Addlestone
28%
F 15,106 Frimley
28%
S 21,476 Sunbury-on-Thames
28%
B 5,932 Bagshot
27%
A 22,808 Ashford
26%
A 8,331 Ashford Common
26%
W 8,877 West End
25%
B 1,941 Beare Green
24%
G 21,659 Great Bookham
24%
W 8,917 Warlingham
24%
B 2,198 Brockham
23%
B 14,191 Byfleet
23%
L 3,622 Lingfield
23%
S 9,952 South Merstham
23%
E 5,840 East Horsley
22%
W 1,377 West Horsley
22%
H 12,630 Hersham
21%
M 6,486 Milford
21%
C 4,519 Chipstead
20%
W 47,129 West Molesey
20%
B 4,196 Bramley
19%
S 2,511 Shalford
19%
S 5,916 Shepperton
19%
S 4,350 Shepperton Green
19%
B 1,274 Box Hill
18%
K 3,762 Kingswood
18%
L 2,029 Lower Kingswood
18%
B 2,374 Bletchingley
17%
W 1,230 West Clandon
17%
G 1,376 Gomshall
16%
W 3,699 Windlesham
16%
W 2,223 Woldingham
16%
R 1,710 Ripley
15%
C 1,916 Chilworth
14%
F 13,251 Farncombe
14%
L 6,536 Lightwater
14%
S 1,872 Salfords
14%
S 1,948 South Nutfield
14%
W 3,172 Whyteleafe
14%
W 15,863 Worcester Park
14%
E 1,515 Ewhurst
13%
S 4,097 Send
13%
B 4,044 Bisley
12%
B 1,432 Brookwood
12%
D 2,300 Dormansland
12%
N 1,665 Normandy
12%
P 3,918 Pirbright
12%
H 6,445 Hindhead
11%
L 2,248 Limpsfield
11%
E 2,265 Elstead
9%
H 1,011 Hooley
9%
S 2,613 Smallfield
9%
T 1,381 Tatsfield
9%
C 1,442 Chaldon
8%
S 11,723 Stanwell
8%
S 1,431 Stanwell Moor
8%
W 7,316 Wrecclesham
8%
T 1,229 Thorpe
7%
B 1,298 Blindley Heath
6%
D 2,165 Deepcut
6%
S 1,199 Shamley Green
6%
F 2,030 Felbridge
5%
J 1,125 Jacobs Well
5%
L 1,204 Lyne
5%
W 1,585 Wood Street Village
5%
F 1,120 Fairlands
4%
U 2,336 Upper Halliford
4%
W 2,271 Westcott
4%
C 2,162 Chiddingford
3%
L 1,514 Langley Vale
3%
W 11,246 Weybourne
3%
L 2,522 Laleham
2%
No matching quizzes found
Score Distribution
Percent of People with Each Score
Percentile by Number Answered
Your Score History
You have not taken this quiz